000
00288nam a22001337a 4500
008
171102b xxu||||| |||| 00| 0 eng d
020
_a
9780132135498
041
_a
eng
080
_a
338.139
100
_a
60
101
_a
MAR
245
_a
SPORTS MARKETING
_c
ROY.D.P
942
_2
udc
_c
BK
999
_c
37273
_d
37273